[Rezension von: Balberg, Mirah, 1978-, When Near Becomes Far : Old Age in Rabbinic Literature]
| Main Author: | |
|---|---|
| Contributors: | |
| Format: | Electronic Review |
| Language: | English |
| Check availability: | HBZ Gateway |
| Interlibrary Loan: | Interlibrary Loan for the Fachinformationsdienste (Specialized Information Services in Germany) |
| Published: |
2023
|
| In: |
AJS review
Year: 2023, Volume: 47, Issue: 2, Pages: 448-450 |
| Review of: | When near becomes far (New York : Oxford University Press, 2021) (Kraus, Matthew)
When near becomes far (Jerusalem : Magnes Press, Hebrew University, 2021) (Kraus, Matthew) When near becomes far (Oxford : Oxford University Press, Incorporated, 2021) (Kraus, Matthew) When near becomes far (New York, NY : Oxford University Press, 2021) (Kraus, Matthew) |
| IxTheo Classification: | BH Judaism |
| Further subjects: | B
Book review
|
| Online Access: |
Volltext (lizenzpflichtig) Volltext (lizenzpflichtig) |
MARC
| LEADER | 00000caa a2200000 c 4500 | ||
|---|---|---|---|
| 001 | 1877076570 | ||
| 003 | DE-627 | ||
| 005 | 20250407175338.0 | ||
| 007 | cr uuu---uuuuu | ||
| 008 | 240102s2023 xx |||||oo 00| ||eng c | ||
| 024 | 7 | |a 10.1353/ajs.2023.a911532 |2 doi | |
| 035 | |a (DE-627)1877076570 | ||
| 035 | |a (DE-599)KXP1877076570 | ||
| 040 | |a DE-627 |b ger |c DE-627 |e rda | ||
| 041 | |a eng | ||
| 084 | |a 1 |2 ssgn | ||
| 100 | 1 | |e VerfasserIn |0 (DE-588)1122463049 |0 (DE-627)875681190 |0 (DE-576)48132500X |4 aut |a Kraus, Matthew | |
| 109 | |a Kraus, Matthew |a Kraus, Matthew A. | ||
| 245 | 1 | 0 | |a [Rezension von: Balberg, Mirah, 1978-, When Near Becomes Far : Old Age in Rabbinic Literature] |c Matthew Kraus |
| 264 | 1 | |c 2023 | |
| 336 | |a Text |b txt |2 rdacontent | ||
| 337 | |a Computermedien |b c |2 rdamedia | ||
| 338 | |a Online-Ressource |b cr |2 rdacarrier | ||
| 601 | |a Literatur | ||
| 652 | |a BH | ||
| 655 | 7 | |a Rezension |0 (DE-588)4049712-4 |0 (DE-627)106186019 |0 (DE-576)209083166 |2 gnd-content | |
| 700 | 1 | |e VerfasserIn des Bezugswerks |0 (DE-588)1044571926 |0 (DE-627)772196265 |0 (DE-576)397949979 |4 ant |a Balberg, Mirah |d 1978- | |
| 773 | 0 | 8 | |i Enthalten in |a Association for Jewish Studies |t AJS review |d Philadelphia, PA : University of Pennsylvania Press, 1976 |g 47(2023), 2, Seite 448-450 |h Online-Ressource |w (DE-627)35625125X |w (DE-600)2091701-6 |w (DE-576)120704218 |x 1475-4541 |7 nnas |
| 773 | 1 | 8 | |g volume:47 |g year:2023 |g number:2 |g pages:448-450 |
| 787 | 0 | 8 | |i Rezension von |a Balberg, Mirah, 1978 - |t When near becomes far |d New York : Oxford University Press, 2021 |h x, 221 Seiten |w (DE-627)1727397215 |z 9780197501481 |
| 787 | 0 | 8 | |i Rezension von |a Balberg, Mirah, 1978 - |t When near becomes far |b 1st ed. |d Jerusalem : Magnes Press, Hebrew University, 2021 |h 1 online resource (271 pages) |w (DE-627)1842879421 |z 9789657808153 |
| 787 | 0 | 8 | |i Rezension von |a Balberg, Mirah, 1978 - |t When near becomes far |d Oxford : Oxford University Press, Incorporated, 2021 |h 1 online resource (239 pages) |w (DE-627)1765872693 |z 9780197501504 |
| 787 | 0 | 8 | |i Rezension von |a Balberg, Mirah, 1978 - |t When near becomes far |d New York, NY : Oxford University Press, 2021 |h 1 Online Ressource (232 Seiten) |w (DE-627)1761334832 |z 9780197501511 |z 9780197501504 |
| 856 | 4 | 0 | |u https://doi.org/10.1353/ajs.2023.a911532 |x Resolving-System |z lizenzpflichtig |3 Volltext |7 1 |
| 856 | 4 | 0 | |u https://muse.jhu.edu/pub/56/article/911532 |x Verlag |z lizenzpflichtig |3 Volltext |7 1 |
| 935 | |a BIIN | ||
| 951 | |a AR | ||
| BIB | |a 1 | ||
| ELC | |a 1 | ||
| ITA | |a 1 |t 1 | ||
| LOK | |0 000 xxxxxcx a22 zn 4500 | ||
| LOK | |0 001 4446292803 | ||
| LOK | |0 003 DE-627 | ||
| LOK | |0 004 1877076570 | ||
| LOK | |0 005 20250407175338 | ||
| LOK | |0 008 240102||||||||||||||||ger||||||| | ||
| LOK | |0 040 |a DE-Tue135-1 |c DE-627 |d DE-Tue135-1 | ||
| LOK | |0 852 |a DE-Tue135-1 | ||
| LOK | |0 852 1 |m p |9 00 | ||
| LOK | |0 852 2 |b www |9 00 | ||
| LOK | |0 935 |a inzs |a inzo | ||
| LOK | |0 936ln |0 1442043520 |a BH | ||
| LOK | |0 938 |k p | ||
| LOK | |0 939 |a 02-01-24 |b l01 | ||
| ORI | |a SA-MARC-ixtheoa001.raw | ||
| REL | |a 1 | ||
| SUB | |a BIB |a REL | ||